[Event "FIDE Open Sachove Univerzity QCC"]
[Site "Ceske Budejovice"]
[Date "2020.07.04"]
[Round "4.17"]
[White "Hlavsa, Filip"]
[Black "Havelkova, Beata"]
[Result "1-0"]
[WhiteElo "1886"]
[BlackElo "1394"]
[Annotator "NA"]
[PlyCount "71"]
[EventDate "2020.07.01"]
[EventType "swiss"]
[EventCountry "CZE"]
[SourceTitle "playchess.com"]
[Source "ChessBase"]
[SourceQuality "1"]
[TimeControl "40/5400+30:1800+30"]

1. e4 {[%emt 0:00:00]} c5 {[%emt 0:00:00]} 2. Nc3 {[%emt 0:00:03]} Nc6 {[%emt 0:02:31]} 3. f4 {[%emt 0:00:56]} d6 {[%emt 0:01:02]} 4. Nf3 {[%emt 0:00:23]} e6 {[%emt 0:03:11]} 5. g3 {[%emt 0:07:01]} g6 {[%emt 0:02:23]} 6. Bg2 {[%emt 0:01:46]} Bg7 {[%emt 0:00:46]} 7. d3 {[%emt 0:00:12]} Nge7 {[%emt 0:00:49]} 8. Be3 {[%emt 0:01:55]} Rb8 {[%emt 0:04:17] B25: Closed Sicilian: 3 g3, lines without early Be3.} 9. d4 {[%emt 0:04:18]} cxd4 {[%emt 0:02:18]} 10. Nxd4 {[%emt 0:00:07]} a6 {[%emt 0:11:10]} 11. Qd2 {[%emt 0:03:10]} O-O {[%emt 0:03:11] [#]} 12. O-O-O $146 {[%emt 0:00:54]} ({Predecessor:} 12. O-O Qc7 13. Kh1 Na5 14. b3 b5 15. Rad1 Rd8 16. Nce2 Nb7 17. Rc1 d5 18. e5 Na5 19. c3 Bb7 20. Bh3 {1-0 (62) Desjardins,M (1935)-Lalumiere,C (1985) Montreal 2011}) 12... d5 {[%emt 0:07:23]} 13. exd5 {[%emt 0:02:05]} exd5 {[%emt 0:01:46]} 14. Nb3 {[%emt 0:03:28]} Bg4 {[%emt 0:01:22]} 15. Ne2 {[%emt 0:02:16]} Re8 {[%emt 0:06:38]} 16. Rde1 {[%emt 0:01:59]} Nf5 {[%emt 0:05:24]} ({Better is} 16... a5 $17 17. c3 a4) 17. Bf2 {[%emt 0:03:02]} Bxe2 {[%emt 0:06:56]} ({Reject} 17... Qf6 18. Nc3 $11) 18. Rxe2 {[%emt 0:00:20]} Rxe2 {[%emt 0:02:24]} 19. Qxe2 {[%emt 0:00:08]} d4 {[%emt 0:03:28]} 20. g4 {[%emt 0:02:16]} Nfe7 {[%emt 0:01:37]} 21. Rd1 $16 {[%emt 0:02:53]} Qc7 {[%emt 0:03:09]} 22. Qe4 {[%emt 0:02:21]} f5 {[%emt 0:06:07]} 23. Qe6+ {[%emt 0:06:21]} Kh8 {[%emt 0:00:31]} 24. Bg3 {[%emt 0:13:02]} Nb4 {[%emt 0:02:24]} 25. Rd2 {[%emt 0:07:44]} Rc8 {[%emt 0:03:27]} 26. Na1 {[%emt 0:04:38]} d3 {[%emt 0:00:52]} 27. Qb3 {[%emt 0:00:54]} dxc2 {[%emt 0:02:53]} 28. Qxb4 {[%emt 0:00:56]} Nc6 {[%emt 0:05:58]} 29. Bxc6 {[%emt 0:03:45]} Qxc6 {[%emt 0:00:11]} 30. Rxc2 {[%emt 0:00:07]} Qd7 {[%emt 0:02:10]} 31. g5 {[%emt 0:01:42]} Rd8 {[%emt 0:00:54]} 32. Qd2 {[%emt 0:03:36]} Qe8 {[%emt 0:01:20]} 33. Qe2 {[%emt 0:00:37]} Qa4 {[%emt 0:01:23]} 34. a3 {[%emt 0:02:32]} Re8 {[%emt 0:01:08]} 35. Qc4 {[%emt 0:01:38]} Qd7 {[%emt 0:00:57]} 36. Nb3 {[%emt 0:01:05]} 1-0

[Event "FIDE Open Sachove Univerzity QCC"]
[Site "Ceske Budejovice"]
[Date "2020.07.09"]
[Round "4.18"]
[White "Finek, Vaclav"]
[Black "Pokora, Lubomir"]
[Result "1-0"]
[WhiteElo "2210"]
[BlackElo "1800"]
[Annotator "TA"]
[PlyCount "87"]
[EventDate "2020.07.01"]
[EventType "swiss"]
[EventCountry "CZE"]

{[%evp 9,87,71,70,60,99,86,87,81,80,17,78,63,86,-60,85,35,37,24,28,-20,4,-2,91,83,87,69,97,0,123,118,110,122,120,133,135,130,441,455,431,256,238,83,132,131,160,156,164,173,207,217,267,210,203,186,187,178,157,171,188,10,17,15,197,200,149,168,499,502,818,830,784,763,612,425,1295,1284,1253,1248,29998,29999]} 1. e4 d6 2. d4 Nf6 3. Nc3 Nbd7 4. g4 Nb6 5. h3 c6 6. Bg2 {B07: Pirc Defence: Miscellaneous Systems.} Qc7 7. Nge2 e5 {[#]} 8. O-O $146 {White is better.} ({Predecessor:} 8. Ng3 Be6 9. d5 Bd7 10. O-O h6 11. a4 a5 12. Qd3 g5 13. Be3 c5 14. Nb5 {0-1 (35) Salim,M (1978)-Nadir,S (2181) Sharjah 2018}) 8... Be7 9. Ng3 (9. f4 $16) 9... g6 (9... h5 $11) 10. Bh6 $16 Rg8 11. Be3 ({Better is} 11. g5 $16 Nfd7 12. a4) 11... Nfd7 (11... h5 $1 $15) 12. Qd3 exd4 13. Bxd4 Ne5 14. Qe2 Be6 $1 15. b3 {f4 is the strong threat.} Bf6 (15... h5 $1 $11) 16. Rad1 {Threatens to win with f4.} O-O-O 17. a4 Kb8 18. Qe3 (18. f4 $16) 18... Nc8 (18... c5 $11 {keeps the balance.} 19. Bxe5 Bxe5) 19. f4 $36 {[%mdl 2048] White has strong initiative.} c5 20. Bxe5 $1 dxe5 21. f5 Rxd1 22. Rxd1 gxf5 $2 {[%mdl 8192]} (22... Bd7 $16 {is a better chance.}) 23. exf5 $18 Bg5 24. Qf3 (24. Qe2 $142 a6 25. fxe6 fxe6 26. Nge4) 24... Bd7 25. Qd5 $2 (25. Qe2 $18 {is more deadly. Strongly threatening Nd5.} Bc6 26. Bxc6 Qxc6 27. Qxe5+ Ka8 28. Nge4 Be3+ 29. Kg2) 25... Bc6 26. Qxc5 Be7 27. Qe3 Bg5 28. Qe1 Bh4 {White should prevent ...e4.} 29. Bxc6 bxc6 30. Qe3 Ne7 {[%cal Bc8e7,Be7d5,Bd5f4][%mdl 32]} 31. Nce4 Nd5 32. Qd2 Rd8 {...Nc3 would now be nice for Black.} 33. Qe1 Ka8 {[#]} 34. c4 $2 ({White should play} 34. Kh2 $1 $18) 34... Nf4 $11 35. Kh2 Qb6 $2 (35... Rd4 $11 {and Black stays safe.}) 36. Rxd8+ $18 Qxd8 {[#]} 37. Qd2 $1 {[%cal Rd2d8] And now Qxd8+ would win.} Qe7 $2 (37... Qb6) 38. Qd6 Kb7 (38... Qe8 $142 39. f6 Bxg3+ 40. Kxg3 h5) 39. Nc5+ Kc8 40. Qxc6+ Qc7 41. Qe8+ Bd8 (41... Qd8 $142 42. Qc6+ (42. Qxe5 Qd2+ 43. Ne2 Qxe2+ 44. Qxe2 Nxe2 $11) 42... Qc7 43. Qa6+ Kb8) 42. Nge4 Ne2 43. Qb5 {Threatening mate with Nd6+!} Nd4 {[#]} 44. Nd6+ $1 {[%mdl 512] Accuracy: White = 58%, Black = 40%.} 1-0

[Event "FIDE Open Sachove Univerzity QCC"]
[Site "Ceske Budejovice"]
[Date "2020.07.04"]
[Round "4.19"]
[White "Bastyr, Pavel"]
[Black "Valasek, Jakub"]
[Result "1/2-1/2"]
[WhiteElo "1439"]
[BlackElo "1688"]
[Annotator "NA"]
[PlyCount "53"]
[EventDate "2020.07.01"]
[EventType "swiss"]
[EventCountry "CZE"]
[SourceTitle "playchess.com"]
[Source "ChessBase"]
[SourceQuality "1"]
[TimeControl "40/5400+30:1800+30"]

1. d4 {[%emt 0:00:15]} d5 {[%emt 0:00:00]} 2. c4 {[%emt 0:00:06]} e6 {[%emt 0:00:27]} 3. Nc3 {[%emt 0:00:06]} Nf6 {[%emt 0:00:43]} 4. Bg5 {[%emt 0:00:09]} Nbd7 {[%emt 0:00:50]} 5. e3 {[%emt 0:00:11]} Be7 {[%emt 0:00:51]} 6. Nf3 {[%emt 0:00:05]} O-O {[%emt 0:01:13]} 7. Bd3 {[%emt 0:00:04]} c6 {[%emt 0:01:30]} 8. O-O {[%emt 0:00:08]} dxc4 {[%emt 0:01:49]} 9. Bxc4 {[%emt 0:00:12]} Nd5 {[%emt 0:01:11]} 10. Bxe7 {[%emt 0:02:41]} Qxe7 {[%emt 0:00:38]} 11. e4 {[%emt 0:02:49]} Nxc3 {[%emt 0:03:04]} 12. bxc3 {[%emt 0:00:07]} e5 {[%emt 0:03:54]} 13. Bd3 {[%emt 0:02:17]} exd4 {[%emt 0:02:09]} 14. cxd4 {[%emt 0:01:40]} Nb6 {[%emt 0:01:39]} 15. Re1 {[%emt 0:00:18]} Bg4 {[%emt 0:02:05]} 16. h3 {[%emt 0:00:06]} Bh5 {[%emt 0:02:36]} 17. Re3 {[%emt 0:04:38]} Bg6 {[%emt 0:03:38]} 18. Ne5 {[%emt 0:01:01]} Nd7 {[%emt 0:03:22]} 19. Nxg6 {[%emt 0:01:29]} hxg6 {[%emt 0:00:59]} 20. Qb3 {[%emt 0:06:45]} Rab8 {[%emt 0:04:08]} 21. e5 {[%emt 0:01:52]} Nb6 {[%emt 0:03:42]} 22. e6 {[%emt 0:05:37]} Nd5 {[%emt 0:03:11]} 23. exf7+ {[%emt 0:00:17]} Qxf7 {[%emt 0:00:22]} 24. Rf3 {[%emt 0:00:11]} Qe8 {[%emt 0:05:19]} 25. Re3 {[%emt 0:11:28]} Qf7 {[%emt 0:02:07]} 26. Rf3 {[%emt 0:00:04]} Qe8 {[%emt 0:01:11]} 27. Re3 {[%emt 0:00:10]} 1/2-1/2

[Event "FIDE Open Sachove Univerzity QCC"]
[Site "Ceske Budejovice"]
[Date "2020.07.10"]
[Round "4.20"]
[White "Zezula, Jakub"]
[Black "Cipera, Josef"]
[Result "0-1"]
[WhiteElo "1449"]
[BlackElo "1612"]
[Annotator "NA RC"]
[PlyCount "86"]
[EventDate "2020.07.01"]
[EventType "swiss"]
[EventCountry "CZE"]
[TimeControl "40/5400+30:1800+30"]

1. e4 {[%emt 0:00:00]} c5 {[%emt 0:00:00]} 2. Nf3 {[%emt 0:00:00]} a6 {[%emt 0:00:00]} 3. d4 {[%emt 0:00:09]} cxd4 {[%emt 0:00:00]} 4. Nxd4 {[%emt 0:00:06]} d6 {[%emt 0:00:09]} 5. c4 {[%emt 0:01:35]} Nf6 {[%emt 0:01:33]} 6. Nc3 {[%emt 0:00:23]} e6 {[%emt 0:01:30]} 7. Be3 {[%emt 0:01:23]} Be7 {[%emt 0:04:54]} 8. Be2 {[%emt 0:03:56]} Nbd7 {[%emt 0:02:51]} 9. O-O {[%emt 0:04:38]} O-O {[%emt 0:03:35]} 10. Qd2 {[%emt 0:04:18]} Nc5 {[%emt 0:02:30]} 11. f3 {[%emt 0:03:00]} Qc7 {[%emt 0:09:32]} 12. Rac1 {[%emt 0:07:39]} b6 {[%emt 0:02:34]} 13. b3 {[%emt 0:07:58]} Bb7 {[%emt 0:00:36]} 14. Bg5 {[%emt 0:04:37]} Qd8 {[%emt 0:10:17]} 15. Rfd1 {[%emt 0:10:37]} Ne8 {[%emt 0:02:25]} 16. Bxe7 {[%emt 0:03:37]} Qxe7 {[%emt 0:00:11]} 17. Nc2 {[%emt 0:02:26]} Rd8 {[%emt 0:08:57]} 18. e5 {[%emt 0:07:54]} Ba8 {[%emt 0:08:32]} 19. b4 {[%emt 0:01:20]} Nb7 {[%emt 0:00:10]} 20. Qe3 {[%emt 0:04:02]} dxe5 {[%emt 0:05:08]} 21. Qxb6 {[%emt 0:02:26]} Nf6 {[%emt 0:03:44]} 22. Qxa6 {[%emt 0:01:33]} Nd6 {[%emt 0:05:00]} 23. c5 {[%emt 0:01:26]} Nf5 {[%emt 0:01:06]} 24. Rxd8 {[%emt 0:02:43]} Rxd8 {[%emt 0:00:24]} 25. Rd1 {[%emt 0:00:13]} Nd4 {[%emt 0:01:32]} 26. Nxd4 {[%emt 0:01:03]} exd4 {[%emt 0:00:23]} 27. Nb5 {[%emt 0:00:26]} e5 {[%emt 0:02:59]} 28. c6 {[%emt 0:01:26]} Nd5 {[%emt 0:01:59]} 29. c7 {[%emt 0:01:32]} Nxc7 {[%emt 0:00:59]} 30. Nxc7 {[%emt 0:00:10]} Qxc7 {[%emt 0:00:14]} 31. b5 {[%emt 0:01:18]} Rb8 {[%emt 0:04:34]} 32. a4 {[%emt 0:01:57]} Qc5 {[%emt 0:01:46]} 33. Kf1 {[%emt 0:01:53]} e4 {[%emt 0:01:09]} 34. fxe4 {[%emt 0:02:08]} Bxe4 {[%emt 0:00:13]} 35. Bf3 {[%emt 0:06:33]} Ra8 {[%emt 0:00:14]} 36. Qxa8+ {[%emt 0:00:06]} Bxa8 {[%emt 0:00:12]} 37. Bxa8 {[%emt 0:00:05]} Qc4+ {[%emt 0:01:58]} 38. Ke1 {[%emt 0:01:24]} Qxa4 {[%emt 0:04:50]} 39. Bc6 {[%emt 0:00:16]} Qb4+ {[%emt 0:00:29]} 40. Ke2 {[%emt 0:00:28]} Qe7+ {[%emt 0:01:00]} 41. Kd3 {[%emt 0:32:35]} Qe3+ {[%emt 0:30:12]} 42. Kc2 {[%emt 0:02:28]} Qc3+ {[%emt 0:00:22]} 43. Kb1 {[%emt 0:00:15]} d3 {[%emt 0:01:58]} 0-1

[Event "FIDE Open Sachove Univerzity QCC"]
[Site "Ceske Budejovice"]
[Date "2020.07.09"]
[Round "4.21"]
[White "Jodas, Daniel"]
[Black "Dudkova, Josefina"]
[Result "0-1"]
[WhiteElo "1608"]
[BlackElo "1447"]
[Annotator "NA"]
[PlyCount "79"]
[EventDate "2020.07.01"]
[EventType "swiss"]
[EventCountry "CZE"]
[TimeControl "40/5400+30:1800+30"]

1. d4 {[%emt 0:00:00]} Nf6 {[%emt 0:00:00]} 2. Nf3 {[%emt 0:00:00]} d5 {[%emt 0:00:36]} 3. e3 {[%emt 0:00:20]} e6 {[%emt 0:04:14]} 4. Bd3 {[%emt 0:00:55]} c5 {[%emt 0:01:20]} 5. c3 {[%emt 0:00:17]} Nc6 {[%emt 0:02:07]} 6. Nbd2 {[%emt 0:01:26]} Bd6 {[%emt 0:05:37]} 7. O-O {[%emt 0:05:56]} O-O {[%emt 0:00:27]} 8. dxc5 {[%emt 0:00:58]} Bxc5 {[%emt 0:00:39]} 9. Qe2 {[%emt 0:00:55]} e5 {[%emt 0:07:49]} 10. e4 {[%emt 0:07:10]} d4 {[%emt 0:08:53]} 11. cxd4 {[%emt 0:05:28]} Nxd4 {[%emt 0:01:25]} 12. Nxd4 {[%emt 0:00:09]} Bxd4 {[%emt 0:00:22]} 13. Kh1 {[%emt 0:08:16]} Be6 {[%emt 0:09:53]} 14. Nc4 {[%emt 0:12:58]} h6 {[%emt 0:04:50]} 15. h3 {[%emt 0:00:39]} Rc8 {[%emt 0:00:49]} 16. f4 {[%emt 0:16:09]} exf4 {[%emt 0:13:36]} 17. Bxf4 {[%emt 0:08:28]} Bxc4 {[%emt 0:08:03]} 18. Bxc4 {[%emt 0:03:23]} Qe7 {[%emt 0:03:06]} 19. e5 {[%emt 0:14:26]} Nh7 {[%emt 0:10:43]} 20. e6 {[%emt 0:02:53]} Bc5 {[%emt 0:03:20]} 21. exf7+ {[%emt 0:01:01]} Kh8 {[%emt 0:00:29]} 22. Qxe7 {[%emt 0:01:19]} Bxe7 {[%emt 0:00:14]} 23. Bb3 {[%emt 0:00:59]} Ng5 {[%emt 0:06:23]} 24. Bh2 {[%emt 0:03:36]} Rcd8 {[%emt 0:02:10]} 25. h4 {[%emt 0:00:41]} Nh7 {[%emt 0:01:13]} 26. Bg3 {[%emt 0:03:01]} Bf6 {[%emt 0:00:57]} 27. Rf2 {[%emt 0:01:31]} b5 {[%emt 0:01:52]} 28. Rc1 {[%emt 0:00:06]} Rd7 {[%emt 0:00:40]} 29. Re1 {[%emt 0:00:31]} Rdd8 {[%emt 0:00:20]} 30. Rc1 {[%emt 0:00:53]} Rd7 {[%emt 0:00:23]} 31. Rc7 {[%emt 0:00:09]} Rxc7 {[%emt 0:00:17]} 32. Bxc7 {[%emt 0:00:02]} Bxh4 {[%emt 0:01:00]} 33. Bd6 {[%emt 0:00:28]} Bxf2 {[%emt 0:00:15]} 34. Bxf8 {[%emt 0:01:22]} Nxf8 {[%emt 0:00:02]} 35. Bd5 {[%emt 0:00:29]} Kh7 {[%emt 0:00:41]} 36. Kh2 {[%emt 0:00:10]} Kg6 {[%emt 0:00:18]} 37. g3 {[%emt 0:00:28]} Bc5 {[%emt 0:00:23]} 38. Kg2 {[%emt 0:00:09]} b4 {[%emt 0:00:54]} 39. Kf3 {[%emt 0:01:01]} Nd7 {[%emt 0:00:30]} 40. Ke4 {[%emt 0:00:46]} 0-1

[Event "FIDE Open Sachove Univerzity QCC"]
[Site "Ceske Budejovice"]
[Date "2020.07.04"]
[Round "4.22"]
[White "Dobsinsky, Petr"]
[Black "Tajovsky, Simon"]
[Result "0-1"]
[WhiteElo "1248"]
[BlackElo "1594"]
[Annotator "NA"]
[PlyCount "92"]
[EventDate "2020.07.01"]
[EventType "swiss"]
[EventCountry "CZE"]
[SourceTitle "playchess.com"]
[Source "ChessBase"]
[SourceQuality "1"]
[TimeControl "40/5400+30:1800+30"]

1. Nf3 {[%emt 0:00:00]} d5 {[%emt 0:01:06]} 2. e3 {[%emt 0:00:04]} Nf6 {[%emt 0:01:03]} 3. c4 {[%emt 0:00:30]} e6 {[%emt 0:00:43]} 4. Nc3 {[%emt 0:00:19]} c5 {[%emt 0:01:09]} 5. b3 {[%emt 0:01:03]} Nc6 {[%emt 0:01:23]} 6. Bb2 {[%emt 0:01:14]} Bd6 {[%emt 0:02:11]} 7. d4 {[%emt 0:01:15]} O-O {[%emt 0:03:15]} 8. cxd5 {[%emt 0:00:41]} exd5 {[%emt 0:00:42]} 9. dxc5 {[%emt 0:00:45]} Bxc5 {[%emt 0:00:14]} 10. Bd3 {[%emt 0:01:56]} Bg4 {[%emt 0:01:06]} 11. h3 {[%emt 0:01:39]} Bh5 {[%emt 0:00:45]} 12. g4 {[%emt 0:00:19]} Bg6 {[%emt 0:00:50]} 13. Bxg6 {[%emt 0:00:17]} hxg6 {[%emt 0:00:08]} 14. g5 {[%emt 0:01:11]} Ne4 {[%emt 0:02:59]} 15. Qxd5 {[%emt 0:02:04]} Qxd5 {[%emt 0:03:03]} 16. Nxd5 {[%emt 0:00:22]} Rad8 {[%emt 0:02:15]} 17. Rd1 {[%emt 0:01:27]} Nb4 {[%emt 0:02:47]} 18. Nxb4 {[%emt 0:04:09]} Rxd1+ {[%emt 0:00:17]} 19. Kxd1 {[%emt 0:00:30]} Nxf2+ {[%emt 0:00:12]} 20. Ke2 {[%emt 0:02:12]} Nxh1 {[%emt 0:00:12]} 21. Nd3 {[%emt 0:01:13]} Ng3+ {[%emt 0:01:14]} 22. Kf2 {[%emt 0:02:56]} Ne4+ {[%emt 0:00:26]} 23. Ke2 {[%emt 0:01:20]} Bb6 {[%emt 0:02:44]} 24. h4 {[%emt 0:05:07]} Rc8 {[%emt 0:03:21]} 25. Bd4 {[%emt 0:02:55]} Nc3+ {[%emt 0:04:35]} 26. Bxc3 {[%emt 0:02:20]} Rxc3 {[%emt 0:00:08]} 27. Kd2 {[%emt 0:01:02]} Rc8 {[%emt 0:01:04]} 28. e4 {[%emt 0:01:26]} f6 {[%emt 0:01:22]} 29. a4 {[%emt 0:02:27]} Kf7 {[%emt 0:02:19]} 30. e5 {[%emt 0:03:54]} Rd8 {[%emt 0:02:37]} 31. Ke2 {[%emt 0:01:15]} Ke6 {[%emt 0:01:25]} 32. b4 {[%emt 0:01:43]} Bd4 {[%emt 0:04:07]} 33. gxf6 {[%emt 0:12:40]} gxf6 {[%emt 0:00:26]} 34. exf6 {[%emt 0:01:55]} Kxf6 {[%emt 0:01:13]} 35. Nf4 {[%emt 0:00:58]} Kf5 {[%emt 0:02:32]} 36. Ng2 {[%emt 0:01:00]} Bf6 {[%emt 0:01:58]} 37. Nh2 {[%emt 0:02:01]} Rd4 {[%emt 0:01:44]} 38. Nf3 {[%emt 0:01:33]} Rxb4 {[%emt 0:01:57]} 39. Ne3+ {[%emt 0:00:39]} Ke6 {[%emt 0:02:41]} 40. a5 {[%emt 0:01:25]} Ra4 {[%emt 0:01:03]} 41. Ng2 {[%emt 0:32:21]} Rxa5 {[%emt 0:30:47]} 42. Nf4+ {[%emt 0:01:05]} Kf5 {[%emt 0:00:49]} 43. Nd3 {[%emt 0:00:58]} Ra2+ {[%emt 0:02:02]} 44. Ke3 {[%emt 0:00:18]} Ra3 {[%emt 0:01:31]} 45. Nd4+ {[%emt 0:02:18]} Bxd4+ {[%emt 0:00:16]} 46. Kxd4 {[%emt 0:00:05]} Rxd3+ {[%emt 0:00:10]} 0-1

[Event "FIDE Open Sachove Univerzity QCC"]
[Site "Ceske Budejovice"]
[Date "2020.07.10"]
[Round "4.23"]
[White "Veselsky, Jan"]
[Black "Svejda, Karel"]
[Result "0-1"]
[WhiteElo "1580"]
[BlackElo "1387"]
[Annotator "NA RC"]
[PlyCount "98"]
[EventDate "2020.07.01"]
[EventType "swiss"]
[EventCountry "CZE"]
[TimeControl "40/5400+30:1800+30"]

1. d4 {[%emt 0:00:00]} Nf6 {[%emt 0:00:00]} 2. c4 {[%emt 0:00:00]} g6 {[%emt 0:00:00]} 3. Nc3 {[%emt 0:00:51]} Bg7 {[%emt 0:00:00]} 4. e4 {[%emt 0:00:14]} d6 {[%emt 0:00:00]} 5. Nf3 {[%emt 0:00:06]} O-O {[%emt 0:00:02]} 6. Be2 {[%emt 0:00:27]} Nbd7 {[%emt 0:00:17]} 7. O-O {[%emt 0:00:36]} e5 {[%emt 0:00:15]} 8. Be3 {[%emt 0:00:06]} Ng4 {[%emt 0:05:27]} 9. Bg5 {[%emt 0:00:11]} f6 {[%emt 0:03:28]} 10. Bd2 {[%emt 0:00:04]} Qe7 {[%emt 0:07:53]} 11. Nd5 {[%emt 0:10:20]} Qd8 {[%emt 0:02:14]} 12. dxe5 {[%emt 0:05:44]} Ngxe5 {[%emt 0:01:46]} 13. Nd4 {[%emt 0:06:08]} Nc5 {[%emt 0:05:26]} 14. f4 {[%emt 0:05:37]} c6 {[%emt 0:09:30]} 15. Nc3 {[%emt 0:00:08]} Ned3 {[%emt 0:01:42]} 16. Be3 {[%emt 0:08:46]} Nb4 {[%emt 0:05:48]} 17. a3 {[%emt 0:01:31]} Nba6 {[%emt 0:00:47]} 18. Bg4 {[%emt 0:09:53]} Re8 {[%emt 0:02:33]} 19. Bxc8 {[%emt 0:03:47]} Rxc8 {[%emt 0:00:27]} 20. Qf3 {[%emt 0:01:03]} Qe7 {[%emt 0:05:54]} 21. Rae1 {[%emt 0:03:16]} Nxe4 {[%emt 0:01:58]} 22. Bf2 {[%emt 0:07:51]} f5 {[%emt 0:09:35]} 23. g4 {[%emt 0:09:38]} Qf7 {[%emt 0:04:30]} 24. gxf5 {[%emt 0:03:44]} Nd2 {[%emt 0:01:01]} 25. Qg2 {[%emt 0:06:34]} Nxf1 {[%emt 0:00:23]} 26. fxg6 {[%emt 0:02:50]} Qxg6 {[%emt 0:05:49]} 27. Rxf1 {[%emt 0:00:59]} Qxg2+ {[%emt 0:00:19]} 28. Kxg2 {[%emt 0:00:02]} Nc5 {[%emt 0:01:12]} 29. Kf3 {[%emt 0:03:01]} Nd3 {[%emt 0:06:39]} 30. Nf5 {[%emt 0:01:22]} Bxc3 {[%emt 0:02:20]} 31. Rg1+ {[%emt 0:03:21]} Kf8 {[%emt 0:00:52]} 32. bxc3 {[%emt 0:01:03]} Nxf2 {[%emt 0:00:33]} 33. Kxf2 {[%emt 0:00:37]} Rcd8 {[%emt 0:01:35]} 34. Rg7 {[%emt 0:00:12]} Re4 {[%emt 0:01:17]} 35. Kf3 {[%emt 0:00:45]} Rxc4 {[%emt 0:03:12]} 36. Rxh7 {[%emt 0:00:08]} Rxc3+ {[%emt 0:00:54]} 37. Kg4 {[%emt 0:00:06]} Kg8 {[%emt 0:01:52]} 38. Rg7+ {[%emt 0:00:22]} Kh8 {[%emt 0:00:45]} 39. a4 {[%emt 0:00:30]} Rc5 {[%emt 0:00:54]} 40. Rg6 {[%emt 0:01:20]} Rg8 {[%emt 0:01:57]} 41. Rxg8+ {[%emt 0:30:47]} Kxg8 {[%emt 0:30:10]} 42. Nxd6 {[%emt 0:00:30]} b5 {[%emt 0:02:57]} 43. axb5 {[%emt 0:00:55]} cxb5 {[%emt 0:00:15]} 44. Ne4 {[%emt 0:00:10]} Rc2 {[%emt 0:01:25]} 45. Nd6 {[%emt 0:02:02]} b4 {[%emt 0:01:22]} 46. Nb5 {[%emt 0:00:16]} Rxh2 {[%emt 0:01:43]} 47. Nd4 {[%emt 0:01:14]} Rd2 {[%emt 0:01:47]} 48. Nf3 {[%emt 0:00:58]} Rd1 {[%emt 0:01:05]} 49. f5 {[%emt 0:00:42]} b3 {[%emt 0:00:48]} 0-1

[Event "FIDE Open Sachove Univerzity QCC"]
[Site "Ceske Budejovice"]
[Date "2020.07.04"]
[Round "4.24"]
[White "Martirosyan, David"]
[Black "Garabik, Marek"]
[Result "0-1"]
[WhiteElo "1560"]
[BlackElo "1363"]
[Annotator "NA"]
[PlyCount "42"]
[EventDate "2020.07.01"]
[EventType "swiss"]
[EventCountry "CZE"]
[SourceTitle "playchess.com"]
[Source "ChessBase"]
[SourceQuality "1"]
[TimeControl "40/5400+30:1800+30"]

1. e4 {[%emt 0:00:00]} e5 {[%emt 0:00:00]} 2. f4 {[%emt 0:00:57]} exf4 {[%emt 0:00:00]} 3. Nf3 {[%emt 0:00:08]} g5 {[%emt 0:00:17]} 4. h4 {[%emt 0:00:37]} g4 {[%emt 0:00:33]} 5. Nd4 {[%emt 0:00:07]} Nc6 {[%emt 0:02:28]} 6. Nxc6 {[%emt 0:06:52]} dxc6 {[%emt 0:00:55]} 7. Nc3 {[%emt 0:04:21]} Bg7 {[%emt 0:00:59]} 8. Bc4 {[%emt 0:05:36]} h5 {[%emt 0:01:25]} 9. d3 {[%emt 0:09:02]} Be5 {[%emt 0:01:21]} 10. Ne2 {[%emt 0:07:53]} f3 {[%emt 0:01:35]} 11. gxf3 {[%emt 0:08:04]} gxf3 {[%emt 0:00:18]} 12. Nf4 {[%emt 0:00:47]} Bg4 {[%emt 0:00:28]} 13. Kf2 {[%emt 0:02:12]} Qd6 {[%emt 0:01:14]} 14. Qd2 {[%emt 0:06:39]} Ne7 {[%emt 0:00:44]} 15. c3 {[%emt 0:06:08]} c5 {[%emt 0:05:02]} 16. Bb3 {[%emt 0:10:57]} Ng6 {[%emt 0:01:01]} 17. Nxg6 {[%emt 0:02:43]} fxg6 {[%emt 0:00:08]} 18. Bd1 {[%emt 0:19:54]} O-O-O {[%emt 0:02:08]} 19. Bc2 {[%emt 0:02:40]} Bg3+ {[%emt 0:00:47]} 20. Kf1 {[%emt 0:00:09]} Rhf8 {[%emt 0:00:46]} 21. b3 {[%emt 0:00:54]} f2 {[%emt 0:00:47]} 0-1

[Event "FIDE Open Sachove Univerzity QCC"]
[Site "Ceske Budejovice"]
[Date "2020.07.04"]
[Round "4.25"]
[White "Bara, Jan"]
[Black "Strapec, Lukas"]
[Result "0-1"]
[WhiteElo "1128"]
[BlackElo "1525"]
[Annotator "NA"]
[PlyCount "62"]
[EventDate "2020.07.01"]
[EventType "swiss"]
[EventCountry "CZE"]
[SourceTitle "playchess.com"]
[Source "ChessBase"]
[SourceQuality "1"]
[TimeControl "40/5400+30:1800+30"]

1. d4 {[%emt 0:00:00]} Nf6 {[%emt 0:00:11]} 2. c4 {[%emt 0:00:00]} e6 {[%emt 0:00:38]} 3. Nc3 {[%emt 0:01:32]} d5 {[%emt 0:00:47]} 4. Nf3 {[%emt 0:01:28]} Be7 {[%emt 0:00:54]} 5. Bf4 {[%emt 0:01:19]} c6 {[%emt 0:04:10]} 6. e3 {[%emt 0:04:16]} Nbd7 {[%emt 0:01:13]} 7. cxd5 {[%emt 0:06:44]} exd5 {[%emt 0:06:42]} 8. Bd3 {[%emt 0:01:57]} O-O {[%emt 0:02:32]} 9. O-O {[%emt 0:01:34]} Nh5 {[%emt 0:09:37]} 10. Bxh7+ {[%emt 0:31:46]} Kxh7 {[%emt 0:09:52]} 11. Ng5+ {[%emt 0:01:20]} Bxg5 {[%emt 0:02:33]} 12. Qxh5+ {[%emt 0:01:54]} Bh6 {[%emt 0:01:45]} 13. Bxh6 {[%emt 0:01:38]} gxh6 {[%emt 0:00:38]} 14. Ne2 {[%emt 0:02:17]} Qg5 {[%emt 0:03:34]} 15. Qf3 {[%emt 0:02:46]} Nb6 {[%emt 0:04:47]} 16. e4 {[%emt 0:06:22]} Bg4 {[%emt 0:02:56]} 17. Qd3 {[%emt 0:02:57]} Bxe2 {[%emt 0:01:01]} 18. Qxe2 {[%emt 0:00:15]} Rae8 {[%emt 0:02:03]} 19. f4 {[%emt 0:00:45]} Qf6 {[%emt 0:05:02]} 20. e5 {[%emt 0:00:07]} Qf5 {[%emt 0:01:34]} 21. g4 {[%emt 0:01:58]} Rg8 {[%emt 0:11:37]} 22. h3 {[%emt 0:03:07]} h5 {[%emt 0:00:30]} 23. Kh1 {[%emt 0:01:11]} hxg4 {[%emt 0:02:29]} 24. hxg4 {[%emt 0:00:10]} Qe4+ {[%emt 0:02:37]} 25. Qxe4+ {[%emt 0:01:18]} dxe4 {[%emt 0:00:30]} 26. Rg1 {[%emt 0:00:30]} Rd8 {[%emt 0:02:19]} 27. Rad1 {[%emt 0:03:17]} e3 {[%emt 0:02:28]} 28. g5 {[%emt 0:02:57]} Kg6 {[%emt 0:04:14]} 29. Rd3 {[%emt 0:02:07]} Nd5 {[%emt 0:00:30]} 30. Rf1 {[%emt 0:00:30]} e2 {[%emt 0:00:30]} 31. f5+ {[%emt 0:00:30]} Kxg5 {[%emt 0:15:17]} 0-1